Á lódáil...
Patrakarita ke pariprekshya/
| Príomhúdar: | |
|---|---|
| Formáid: | Printed Book |
| Foilsithe: |
New Delhi:
Sahitya Akademi,
1994.
|
| Ábhair: |
| LEADER | 00504nam a22001451a 4500 | ||
|---|---|---|---|
| 082 | |a H 070.4 |b RAJ/P | ||
| 100 | |a Raj Kishore |9 162637 | ||
| 245 | |a Patrakarita ke pariprekshya/ |c by Raj Kishore. | ||
| 260 | |a New Delhi: |b Sahitya Akademi, |c 1994. | ||
| 300 | |a 128p. | ||
| 650 | |a Journalism |9 162638 | ||
| 650 | |a Journalism Hindi |9 162639 | ||
| 942 | |c BK | ||
| 999 | |c 33893 |d 33893 | ||
| 952 | |0 0 |1 0 |4 0 |6 H_070_400000000000000_RAJ_P |7 0 |9 49224 |a SSUS |b SSUS |d 2015-01-08 |g 80.00 |o H 070.4 RAJ/P |p 011317 |r 2015-01-08 |v 0.00 |w 2015-01-08 |y BK | ||